000 00787nam a2200277 a 4500
003 AR-BaBNM
005 20251128210918.0
008 082120s2002 ||||||||||||||000 | spa||
020 _a968-444-201-7
040 _cAR-BaBNM
100 1 _aPalacios Sierra, Margarita
245 0 0 _aLeer para aprender
250 _a1ª ed.
260 _aMéxico, D.F.
_bAlhambra Mexicana
_c1997
300 _a236 p.
_btablas, gráfs.
500 _aContiene referencias bibliográficas
650 4 _aMEJORA DE LA LECTURA
650 4 _aPROCESO DE LECTURA
650 4 _aACTIVIDADES DE APRENDIZAJE
653 _aENSENANZA DE LA LENGUA
653 _aCOMPRENSION LECTORA
700 1 _aCanizal Arévalo, Alva Valentina
700 1 _aPérez Rodríguez, Yolanda
942 _cBK
998 _cRAQUEL
999 _c17421
_d17421